Podniková ekonomika pre 2. ročník stredných ekonomických škôl /

Main Author: Pospíšil, Jaroslav
Language: Slovak
Published: Bratislava : Slovenské pedagogické nakladateľstvo, 1985
Edition: 1. vyd.
Physical Description: 189 s.
Book
Saved in:
LEADER 00676nam a2200205 a 4500
001 000440397
003 CZ BrMZK
005 19990305143423.0
007 ta
008 990305s1985 xo f slo d
040 |a BOA001  |b cze 
080 |a 65(075.3)  |2 MRF 
100 1 |a Pospíšil, Jaroslav  |7 jx20040611011  |4 aut 
245 1 0 |a Podniková ekonomika pre 2. ročník stredných ekonomických škôl /  |c Jaroslav Pospíšil 
250 |a 1. vyd. 
260 |a Bratislava :  |b Slovenské pedagogické nakladateľstvo,  |c 1985 
300 |a 189 s. 
910 |a BOA001  |b 2-0891.795 
990 |a BK 
996 7 |b 2619287970  |c 2-0891.795  |l MZK  |r Sklad / do 1 hodiny  |n 0  |w 000440397  |u 000010  |a 1  |e BOA001  |j MZK50  |s A